01470nam a2200349 i 4500003001000000005001700010007000300027008004100030020001800071040003500089041001300124082002100137100004000158245017800198250002300376264006700399300006800466336002700534337003300561338002800594490008300622521004100705534001700746545007700763600005500840650003700895650004400932700003700976700003801013700003201051700003701083CO-BoRNBP20230310160614.0ta221209s2022 ck o|||er|||| 00| 0|spa d a9789581404032 aCO-BoRNBPbspacCO-BoRNBPerda1 aspahswe04a306.87bL35v2221 aLindgren, Astridd1907-2002eautora11a¡Violencia, jamás!c texto Astrid Lindgren ; prólogo Marta Santos Pais ; epílogo Thomas Hammarberg ; fotografía de Jacob Forsell ; traducción Miguel Ángel Mendo aEdición especial 1aBogotá, ColombiabPlaza & Janés Editores de Colombiac2022 a25 páginasbfotografías a color y en blanco y negroc22 cm. atextobtxt2rdacontent asin mediaciónbn2rdamedia avolumenbnc2rdacarrier0 aPlan Nacional de Lectura y Escritura Leer es mi Cuento / Ministerio de Cultura aRecomendado para un público adulto tAlgrid vald! aIncluye datos biográficos de la autora y traductora al final del texto aLindgren, Astridd1907-2002xProclamas y discursos17aAbuso del niñovEnsayos2LEMB 17aViolencia intrafamiliarvEnsayos2LEMB 1 aSantos Pais, Martaeprologuista 1 aHammarberg, Thomas, eepiloguista1 aForsell, Jacobefotógrafo1 aMendo, Miguel Ángeletraductor